01298nam a2200289 a 4500001001000000003000900010005001700019007001000036008004100046020001500087040002200102082001900124245010500143260006600248300002900314500007200343650004500415700004100460910003700501942001200538945002700550952012300577952012800700952012700828956003800955999001500993000032902DO-SdBNP20170906091805.0000032902110801s2008 sp d 000 0 spa d a9684182155 aBPMSUbspacBPMSU 4aR 036.1bG748d00aGran diccionario enciclopédico Time Life /crealización Jorge Hernán López Cano...[y otros]. aMéxico, D.F. :bEdiciones Culturales Internacionales,c2008 a1158 p. :bil. ;c28 cm. aLa biblioteca posee la 1a. reimpresión de la 2a edición de 2007 4aENCICLOPEDIAS Y DICCIONARIOS ESPAÑOLES1 aLópez Cano, Jorge Hernáneeditor aValidado. Control de calidad MFF 2ddccBK aInventariados /2017 VM 00102ddc40708CR-GaBPMETbBPMETd2015-02-04eCompral0oR 036 .1 G748dpBPMSU15041077r2015-02-04w2015-02-04yBK 00102ddc40708CR-GaBPMETbBPMETd2015-02-04eCompral0oR 036.1 G748dpBPMSU15041078r2015-02-04te. 2w2015-02-04yBK 00102ddc40708CR-GaBPMETbBPMETd2015-02-04eCompral0oR036.1 G748dpBPMSU15041079r2015-02-04t e. 3w2015-02-04yBK aVMATEOb10c20151002lBPMSUh0069 c7344d7344